Классические композиторы по названиям их знаменитых произведений - Statistics

General Stats
  • This quiz has been taken 38 times
  • The average score is 8 of 25
Answer Stats
произведение композитор % Correct
Токката и Фуга Иоганн Себастьян Бах
74%
К Элизе Людвиг ван Бетховен
59%
Турецкий марш Вольфган Амадей Моцарт
56%
Свадебный марш Феликс Мендельсон
52%
Времена года Антонио Вивальди
52%
Полёт Валькирии Рихард Вагнер
48%
Танец с саблями Арам Хачатурян
48%
Вальс цветов Пётр Ильич Чайковский
44%
Полёт шмеля Николай Римский-Корсаков
33%
Полонез Михаил Клеофас Огинский
33%
Венгерский танец № 5 Иоганнес Брамс
30%
Танец рыцарей Сергей Прокофьев
30%
На прекрасном голубом Дунае Иоганн Штраус-сын
30%
Иванова ночь на Лысой горе Модест Мусоргский
22%
Шествие гномов Эдвард Григ
22%
Патриотическая песня Михаил Глинка
19%
Богатырская симфония Александр Бородин
19%
Итальянская полька Сергей Рахманинов
19%
Время, вперёд! Георгий Свиридов
15%
Выход гладиаторов Юлиус Фучик
11%
Сарабанда Георг Фридрих Гендель
11%
Музыкальный момент Франц Шуберт
11%
Канкан Жак Оффенбах
7%
Ноктюрн Арно Бабаджанян
4%
День гнева Джузеппе Верди
4%
No matching quizzes found
Score Distribution
Percent of People with Each Score
Percentile by Number Answered
Your Score History
You have not taken this quiz